Las teorías de los movimientos sociales /
Saved in:
| Main Author: | |
|---|---|
| Format: | Text |
| Tags: |
Add Tag
No Tags, Be the first to tag this record!
|
MARC
| LEADER | 00000 a a2200000 04500 | ||
|---|---|---|---|
| 001 | 47573 | ||
| 003 | |||
| 040 | |||
| 100 | |a Melucci, Alberto | ||
| 245 | |a Las teorías de los movimientos sociales / |c Alberto Melucci | ||
| 246 | |a Teoría de los movimientos sociales | ||
| 773 | |g número17, (1988), páginas 95-113 | ||
| 999 | |c 20758 |d 20758 | ||
